000 00751nam a22002897a 4500
001 BR8803185
003 BR-BrBNA
005 20230928092918.0
007 ta
008 230509b bl.||||| |||| 00| 0 por d
040 _aBR-BrBNA
_bpor
_cBiblioteca Nacional de Agricultura
041 _a(Por)
072 _aL02
_b7110
_b4580
090 _ 7110 BR8803185
100 1 _aFeeburg, J.B.
245 1 _aTecnica e pratica de apicultura
246 1 _a[Technique and practice of apiculture]
260 3 _aPorto Alegre, RS (Brasil):
_c1986.
300 _a128 p.
500 _a77 illus.
650 _aAPICULTURA
650 _aABELHA
650 _aBIOLOGIA
650 _aEQUIPAMENTO APICOLA
909 _a202309
_bLucia
_c55
_dLucia Elande
942 _cBK
999 _c41937
_d41937